| 000 | 00443nam a2200181Ia 4500 | ||
|---|---|---|---|
| 005 | 20250423095426.0 | ||
| 008 | 250422s9999 xx 000 0 und d | ||
| 020 | _a978-978-51502-2-3 | ||
| 050 | _aPZ 7 .H87 .F855/ | ||
| 100 | _aHussaini, Hauwa | ||
| 245 | 0 | _aFull moon | |
| 260 | _aMinna | ||
| 260 | _bBleo Books | ||
| 260 | _c2012 | ||
| 300 | _a37 p | ||
| 650 | _aEnglish language -- Study and teaching Readers - Level | ||
| 942 | _cBK | ||
| 999 |
_c30236 _d30236 |
||